00550nam a2200193Ia 4500001000900000003000500009005001700014008004100031010001100072040000900083082001400092100002600106245011000132260003500242300001100277500000700288650002900295650003200324dia_2895CHAP20230519113401.0220117s1963 xx 000 0 und d a173395 cCHAP a664.8 S52 aSlanetz, L. W. ed. aMicrobiological Quality of Foods, Proccedingds of a Conferen Held at Franconia /c by L.W.S- and Others aNew york, Academic pressc1963 a274 p. aD. aAlimentos.conservación aAlimentosxbacteorología